[Event "Jack Woodbury mem."]
[Site "Winnipeg CAN"]
[Date "2019.11.19"]
[Round "3.4"]
[White "Proulx, Roy"]
[Black "Bince, Rolando"]
[Result "1/2-1/2"]
[WhiteElo "1833"]
[BlackElo "1866"]
[PlyCount "51"]
[EventDate "2019.11.05"]
[EventType "swiss"]
[EventRounds "6"]
[EventCountry "CAN"]

1. e4 c5 2. Nf3 e6 3. d4 cxd4 4. Nxd4 a6 5. Nc3 b5 6. Bd3 Nc6 7. Nxc6 dxc6 8.
O-O Bb7 9. Qe2 Qc7 10. e5 Ne7 11. Bf4 Nd5 12. Bg3 Nxc3 13. bxc3 Be7 14. f4 g6
15. a4 O-O 16. h3 h5 17. Bh2 Qb6+ 18. Kh1 Qc5 19. g4 hxg4 20. Bg1 Qxc3 21. Qxg4
c5+ 22. Kh2 Kh8 23. Bxg6 fxg6 24. Qxg6 Qd2+ 25. Rf2 Qd5 26. Qh6+ 1/2-1/2

[Event "Jack Woodbury mem."]
[Site "Winnipeg CAN"]
[Date "2019.11.19"]
[Round "3.5"]
[White "Kim, Sunyo"]
[Black "Letain, Cory"]
[Result "0-1"]
[WhiteElo "1778"]
[BlackElo "1838"]
[PlyCount "104"]
[EventDate "2019.11.05"]
[EventType "swiss"]
[EventRounds "6"]
[EventCountry "CAN"]

1. e4 e5 2. Nf3 Nf6 3. Nxe5 d6 4. Nf3 Nxe4 5. d4 d5 6. Be2 Bd6 7. O-O O-O 8.
Nc3 Bf5 9. Bd3 Re8 10. h3 c6 11. Re1 Nd7 12. Bg5 Ndf6 13. Nh4 Qd7 14. Bxf6 gxf6
15. Qf3 Bg6 16. Bxe4 dxe4 17. Nxe4 Rxe4 18. Rxe4 Bxe4 19. Qxe4 Re8 20. Qf3 Qe6
21. Rf1 Qxa2 22. Qxf6 Be7 23. Qe5 f6 24. Qh5 Qf7 25. Qxf7+ Kxf7 26. Re1 b5 27.
Nf5 a5 28. Nxe7 Rxe7 29. Rxe7+ Kxe7 30. c3 Kd6 31. Kf1 Kd5 32. Ke2 Kc4 33. Kd2
Kb3 34. Kc1 b4 35. cxb4 axb4 36. h4 Kc4 37. Kc2 Kxd4 38. g4 c5 39. f4 c4 40. g5
fxg5 41. fxg5 Ke5 42. h5 Kf5 43. g6 hxg6 44. hxg6 Kxg6 45. Kd2 Kf5 46. Ke2 Ke4
47. Kd2 Kd4 48. Kc1 Ke3 49. Kc2 Ke2 50. Kc1 b3 51. Kb1 Kd2 52. Ka1 c3 0-1

[Event "Jack Woodbury mem."]
[Site "Winnipeg CAN"]
[Date "2019.11.19"]
[Round "3.6"]
[White "Odeyemi, Emmanuel"]
[Black "Konara, Harshani"]
[Result "0-1"]
[WhiteElo "1177"]
[BlackElo "1968"]
[Annotator "aboro"]
[PlyCount "68"]
[EventDate "2019.11.05"]
[EventType "swiss"]
[EventRounds "6"]
[EventCountry "CAN"]

1. d4 Nf6 2. c4 e6 3. Nf3 b6 4. Nc3 Bb4 5. e3 Bb7 6. Be2 Ne4 7. Qc2 O-O 8. O-O
Nxc3 9. bxc3 Be7 10. e4 d6 11. Bf4 Nd7 12. Rad1 Qc8 13. e5 dxe5 14. Nxe5 Nxe5
15. Bxe5 Bd6 16. f3 Bxe5 17. dxe5 Qe8 18. Rd4 Qe7 19. Kh1 Qg5 20. Rg4 Qxe5 21.
Bd3 h6 22. Qd2 Qf6 23. f4 Rad8 24. Qc2 Rd6 25. h3 Rfd8 26. Rg3 Qh4 27. Kh2 Qf6
28. Rf2 Qe7 29. Qe2 Qf6 30. Bb1 Re8 31. Qe3 e5 32. f5 e4 33. Qf4 Qe5 34. Rg4
Kh7 {scoresheets unclear from this point - Black won in 60 moves.} 0-1

[Event "Jack Woodbury mem."]
[Site "Winnipeg CAN"]
[Date "2019.11.19"]
[Round "3.7"]
[White "Myrzaibraimova, Alia"]
[Black "Einarsson, Ken"]
[Result "0-1"]
[WhiteElo "1062"]
[BlackElo "1800"]
[PlyCount "104"]
[EventDate "2019.11.05"]
[EventType "swiss"]
[EventRounds "6"]
[EventCountry "CAN"]

1. e4 c6 2. Nf3 d5 3. exd5 cxd5 4. d4 Nc6 5. Bb5 Bg4 6. Be3 e6 7. c3 Qb6 8. Ba4
Qxb2 9. Qb3 Qxb3 10. axb3 Bxf3 11. gxf3 Bd6 12. c4 dxc4 13. bxc4 Nge7 14. d5
exd5 15. cxd5 Bb4+ 16. Nd2 Nxd5 17. Bxc6+ bxc6 18. Rxa7 O-O 19. Rxa8 Rxa8 20.
Ke2 Nxe3 21. fxe3 Rd8 22. Nc4 c5 23. Rd1 Rxd1 24. Kxd1 Kf8 25. Kc2 Ke7 26. Kd3
Ke6 27. Ke4 g5 28. f4 f5+ 29. Kd3 g4 30. e4 h5 31. Ke3 Bc3 32. Kd3 Bd4 33. Nd2
Bg1 34. Nf1 h4 35. exf5+ Kxf5 36. Ke2 Kxf4 37. Kd3 Kf3 38. Nd2+ Kg2 39. Ke2
Bxh2 40. Nf1 Bf4 41. Ne3+ Bxe3 42. Kxe3 h3 43. Ke4 h2 44. Kd5 h1=Q 45. Kxc5 Qd1
46. Kc4 Kf3 47. Kc3 Qd5 48. Kc2 Qd4 49. Kc1 Qf2 50. Kd1 g3 51. Kc1 g2 52. Kb1
g1=Q# 0-1

[Event "Jack Woodbury mem."]
[Site "Winnipeg CAN"]
[Date "2019.11.19"]
[Round "3.8"]
[White "Crawford, Gary"]
[Black "Gregoryanz, Philipp"]
[Result "1-0"]
[WhiteElo "1644"]
[BlackElo "1482"]
[PlyCount "111"]
[EventDate "2019.11.05"]
[EventType "swiss"]
[EventRounds "6"]
[EventCountry "CAN"]

1. e4 e5 2. Nf3 Nc6 3. Bb5 Nd4 4. Nxd4 exd4 5. O-O Bc5 6. Qg4 Qf6 7. d3 h6 8.
e5 Qg6 9. Qxg6 fxg6 10. Bf4 Ne7 11. Bc4 d5 12. exd6 cxd6 13. Re1 Bd7 14. Nd2
Bc6 15. a3 d5 16. Ba2 O-O 17. Bg3 Nf5 18. Nf3 Nxg3 19. hxg3 Bd6 20. Nxd4 Bc5
21. c3 Bxd4 22. cxd4 Rae8 23. Re5 Rf5 24. Rae1 Ref8 25. Rxf5 gxf5 26. Re5 f4
27. gxf4 Rxf4 28. Bxd5+ Kh8 29. Bxc6 bxc6 30. Re4 Rf7 31. Re6 Rc7 32. Re5 Kg8
33. Rc5 Rd7 34. Rxc6 Rxd4 35. Rc3 Kf7 36. Kf1 a5 37. Ke2 Ke6 38. Rc4 Rd5 39. b4
axb4 40. axb4 Rb5 41. Ke3 h5 42. Re4+ Kf6 43. Kd2 g5 44. Kc3 Rf5 45. Re2 g4 46.
g3 Kg5 47. Rb2 h4 48. gxh4+ Kxh4 49. b5 Rf8 50. b6 Rb8 51. b7 Kg5 52. Kc4 Kf6
53. Kc5 Ke7 54. Kc6 Ke8 55. Kc7 Rd8 56. Re2+ 1-0

[Event "Jack Woodbury mem."]
[Site "Winnipeg CAN"]
[Date "2019.11.19"]
[Round "3.9"]
[White "Skop, Mike"]
[Black "Ott, Richard"]
[Result "1-0"]
[WhiteElo "1621"]
[BlackElo "1432"]
[PlyCount "65"]
[EventDate "2019.11.05"]
[EventType "swiss"]
[EventRounds "6"]
[EventCountry "CAN"]

1. e4 d5 2. Nc3 d4 3. Nce2 e5 4. d3 Nf6 5. g3 Nc6 6. Bg2 h6 7. Nh3 Bd6 8. O-O
Be6 9. f4 Bxh3 10. Bxh3 exf4 11. Bxf4 g5 12. Bd2 Qe7 13. c3 g4 14. Bg2 Bc5 15.
Kh1 O-O-O 16. b4 Bd6 17. b5 Ne5 18. cxd4 Nxd3 19. e5 Nxe5 20. dxe5 Bxe5 21. Rc1
h5 22. Qc2 h4 23. Bf4 Bxf4 24. Rxf4 Nd5 25. Qf5+ Qd7 26. Bxd5 Qxf5 27. Rxf5
hxg3 28. Nxg3 Rh3 29. Bg2 Rh7 30. Rh5 Rxh5 31. Nxh5 f5 32. Ng7 f4 33. Ne6 1-0

[Event "Jack Woodbury mem."]
[Site "Winnipeg CAN"]
[Date "2019.11.19"]
[Round "3.12"]
[White "Hopper, Michael"]
[Black "Piche, Zachary"]
[Result "1-0"]
[WhiteElo "2101"]
[BlackElo "1527"]
[PlyCount "61"]
[EventDate "2019.11.05"]
[EventType "swiss"]
[EventRounds "6"]
[EventCountry "CAN"]

1. e4 c5 2. f4 d6 3. Nf3 Nc6 4. Be2 Nf6 5. d3 e6 6. O-O Be7 7. c4 a6 8. Nc3 Qc7
9. Bd2 Rb8 10. a4 Nd4 11. Nxd4 cxd4 12. Na2 Bd7 13. Nb4 O-O 14. g4 e5 15. f5 a5
16. Nc2 Bc8 17. b4 axb4 18. Nxb4 d5 19. g5 Nd7 20. Nxd5 Qd8 21. Nxe7+ Qxe7 22.
Qe1 Nc5 23. f6 Qe6 24. Bb4 Qc6 25. Qh4 Be6 26. fxg7 Rfe8 27. Rf6 Kxg7 28. Qh6+
Kg8 29. Raf1 Qc7 30. Bh5 Nxd3 31. g6 1-0

[Event "Jack Woodbury mem."]
[Site "Winnipeg CAN"]
[Date "2019.11.19"]
[Round "3.15"]
[White "Magyar, Peter"]
[Black "Melnyk, Jim"]
[Result "1/2-1/2"]
[WhiteElo "1502"]
[BlackElo "1670"]
[PlyCount "139"]
[EventDate "2019.11.05"]
[EventType "swiss"]
[EventRounds "6"]
[EventCountry "CAN"]

1. d4 c6 2. Bf4 d6 3. Nf3 Bg4 4. Nbd2 Nf6 5. h3 Bh5 6. e3 Nbd7 7. Be2 h6 8. c3
Qc7 9. a3 e5 10. dxe5 dxe5 11. Bh2 Bd6 12. Nc4 Bc5 13. Ncxe5 Bd6 14. Nc4 Bxh2
15. Nxh2 Bxe2 16. Qxe2 O-O 17. O-O Rfe8 18. Nf3 Rad8 19. Rad1 Nd5 20. Nd4 Nc5
21. Nf5 b5 22. Qg4 g6 23. Nxh6+ Kh7 24. Qh4 Qe7 25. Rd4 Qxh4 26. Rxh4 Kg7 27.
Nd2 Rh8 28. Nxf7 Kxf7 29. Rd4 Rde8 30. c4 a6 31. cxd5 cxd5 32. b4 Na4 33. Rc1
Rc8 34. Nb3 Rxc1+ 35. Nxc1 Rc8 36. Nd3 Rc3 37. Rxd5 Rxa3 38. g4 Nc3 39. Rd7+
Kf6 40. Nc5 Ra1+ 41. Kg2 Ra2 42. Rd6+ Kg7 43. Nxa6 Ne4 44. Rb6 Nxf2 45. Kg3
Ne4+ 46. Kf4 Nf2 47. h4 Nd3+ 48. Kg5 Ne5 49. Nc5 Nf3+ 50. Kf4 Nxh4 51. g5 Ng2+
52. Ke5 Nxe3 53. Ne6+ Kf7 54. Rb7+ Kg8 55. Rg7+ Kh8 56. Kf6 Nd5+ 57. Kxg6 Nxb4
58. Rf7 Ra8 59. Kh6 Nd5 60. g6 b4 61. Rh7+ Kg8 62. Rb7 Kh8 63. Rh7+ Kg8 64. g7
Kf7 65. Rh8 Rg8 66. Ng5+ Kf6 67. Rxg8 Ne7 68. Rb8 Nf5+ 69. Kh7 Nxg7 70. Rxb4
1/2-1/2

[Event "Jack Woodbury mem."]
[Site "Winnipeg CAN"]
[Date "2019.11.26"]
[Round "4.1"]
[White "Abioye, Yemi"]
[Black "Wiebe, Isaac"]
[Result "0-1"]
[WhiteElo "2068"]
[BlackElo "2239"]
[PlyCount "72"]
[EventDate "2019.11.05"]
[EventType "swiss"]
[EventRounds "6"]
[EventCountry "CAN"]

1. e4 c5 2. Nf3 Nc6 3. d4 cxd4 4. Nxd4 Nf6 5. Nc3 e5 6. Ndb5 d6 7. Bg5 a6 8.
Na3 b5 9. Nd5 Be7 10. Nxe7 Nxe7 11. Bxf6 gxf6 12. c3 Bb7 13. Bd3 d5 14. Qe2 f5
15. Rd1 Qc7 16. exf5 e4 17. f6 Ng6 18. Bc2 O-O-O 19. g3 Ne5 20. Qe3 Kb8 21. Kd2
b4 22. cxb4 d4 23. Qf4 d3 24. Bb3 e3+ 25. Kxe3 Rhe8 26. f3 Ng6+ 27. Qe4 Bxe4
28. fxe4 Qb6+ 29. Kd2 Rxe4 30. Kc1 Rxb4 31. Kb1 Rxb3 32. axb3 Qxb3 33. Rd2 Ne5
34. Rf1 Qb4 35. Rdd1 d2 36. Rf4 Qb3 0-1

[Event "Jack Woodbury mem."]
[Site "Winnipeg CAN"]
[Date "2019.11.26"]
[Round "4.2"]
[White "Wolchock, Theo"]
[Black "Letain, Cory"]
[Result "1-0"]
[WhiteElo "2234"]
[BlackElo "1838"]
[PlyCount "87"]
[EventDate "2019.11.05"]
[EventType "swiss"]
[EventRounds "6"]
[EventCountry "CAN"]

1. e4 e5 2. Nf3 Nf6 3. Nxe5 d6 4. Nf3 Nxe4 5. Nc3 Nxc3 6. dxc3 Be7 7. Be3 Be6
8. Qd2 O-O 9. Nd4 c5 10. Nxe6 fxe6 11. O-O-O Qd7 12. Bxc5 Qa4 13. Ba3 Qa5 14.
Qe2 Kh8 15. Qxe6 Nc6 16. Rd5 Bg5+ 17. Kb1 Rae8 18. Rxa5 Rxe6 19. Bc4 Nxa5 20.
Bxe6 Rxf2 21. Bd5 Bf4 22. b3 Be5 23. Re1 g6 24. Bb2 Kg7 25. c4 Kf6 26. Bf3 h5
27. Bc1 Bxh2 28. Be3 Rxf3 29. gxf3 Nc6 30. Kc1 Kf5 31. Kd1 Bf4 32. Ke2 h4 33.
Rh1 g5 34. Kf2 Bxe3+ 35. Kxe3 Nb4 36. Kf2 Nxc2 37. Rd1 Kf4 38. Rxd6 Ne3 39.
Rd4+ Ke5 40. Re4+ Kf5 41. Rxe3 h3 42. Re8 g4 43. Rf8+ Kg5 44. Rg8+ 1-0

[Event "Jack Woodbury mem."]
[Site "Winnipeg CAN"]
[Date "2019.11.26"]
[Round "4.3"]
[White "Prince, Colin"]
[Black "Czypinski, Jaroslaw"]
[Result "1-0"]
[WhiteElo "1884"]
[BlackElo "1975"]
[PlyCount "83"]
[EventDate "2019.11.05"]
[EventType "swiss"]
[EventRounds "6"]
[EventCountry "CAN"]

1. e4 e6 2. d4 d5 3. e5 c5 4. c3 Qb6 5. Nf3 cxd4 6. cxd4 Bd7 7. Nc3 Bb4 8. a3
Bxc3+ 9. bxc3 Bb5 10. Rb1 a6 11. a4 Qc7 12. axb5 axb5 13. Bxb5+ Nc6 14. O-O
Nge7 15. Qb3 O-O 16. Bxc6 bxc6 17. Qb7 Qd8 18. Bg5 Re8 19. Bxe7 Rxe7 20. Qxc6
Rc7 21. Qb6 Qc8 22. Rfc1 h6 23. Qb3 Qd7 24. h4 Rac8 25. g3 Kh8 26. Ne1 Ra8 27.
Nd3 Rca7 28. Nc5 Qe7 29. Qc2 h5 30. Rb2 g5 31. Qe2 g4 32. Qe3 Kh7 33. Rcb1 Ra1
34. Rxa1 Rxa1+ 35. Kg2 Ra7 36. Qd3+ Kg7 37. Qb1 Qe8 38. Rb7 Rxb7 39. Qxb7 Kh6
40. Nd7 Qd8 41. Nf6 Kg6 42. Qb1+ 1-0

[Event "Jack Woodbury mem."]
[Site "Winnipeg CAN"]
[Date "2019.11.26"]
[Round "4.4"]
[White "Konara, Harshani"]
[Black "Crawford, Gary"]
[Result "1-0"]
[WhiteElo "1968"]
[BlackElo "1649"]
[Annotator "aboro"]
[PlyCount "56"]
[EventDate "2019.11.05"]
[EventType "swiss"]
[EventRounds "6"]
[EventCountry "CAN"]

1. c4 c5 2. Nc3 Nf6 3. g3 Nc6 4. Bg2 e6 5. Nf3 Be7 6. O-O O-O 7. a3 d5 8. cxd5
exd5 9. d4 c4 10. Bf4 a6 11. Ne5 Be6 12. Nxc6 bxc6 13. e4 Bg4 14. Qd2 Qd7 15.
Rfe1 Rfe8 16. Be5 Be6 17. Rad1 Qd8 18. h3 Bd6 19. Bxd6 Nxe4 20. Nxe4 dxe4 21.
Bf4 Bd5 22. Qc2 Ra7 23. Bf1 Qd7 24. Kh2 Rb7 25. Bxc4 Bxc4 26. Qxc4 Rxb2 27. Re2
Rb5 28. h4 Re6 {White won in 45.} 1-0

[Event "Jack Woodbury mem."]
[Site "Winnipeg CAN"]
[Date "2019.11.26"]
[Round "4.5"]
[White "Bince, Rolando"]
[Black "Skop, Mike"]
[Result "1-0"]
[WhiteElo "1866"]
[BlackElo "1621"]
[Annotator "aboro"]
[PlyCount "83"]
[EventDate "2019.11.05"]
[EventType "swiss"]
[EventRounds "6"]
[EventCountry "CAN"]

1. c4 c6 2. g3 Na6 3. Bg2 Nc7 4. Nc3 g6 5. e4 Nh6 6. Nge2 Bg7 7. d4 d6 8. O-O
O-O 9. f4 f5 10. e5 Nf7 11. Qb3 Ne6 12. Be3 c5 13. dxc5 dxe5 14. Rad1 Qa5 15.
Qb5 Qxb5 16. cxb5 e4 17. Rd2 Nc7 18. Rfd1 Be6 19. b3 Rfd8 20. Bf1 Rxd2 21. Rxd2
Rd8 22. Rxd8+ Nxd8 23. Kf2 Nd5 24. Nxd5 Bxd5 25. Bd4 Ne6 26. Bxg7 Nxg7 27. Nc3
Bf7 28. Ke3 Ne6 29. b4 Nd8 30. a4 Kf8 31. Be2 Ke8 32. h4 h5 33. Nb1 Kd7 34. a5
Kc8 35. Na3 Kb8 36. Nc2 Be8 37. Bc4 Nf7 38. Kd4 Nh6 39. Ne3 Bd7 40. Be2 Nf7 41.
Nd5 e6 42. Ne3 {Black lost on time} 1-0

[Event "Jack Woodbury mem."]
[Site "Winnipeg CAN"]
[Date "2019.11.26"]
[Round "4.6"]
[White "Furda, Ievgeniia-Diana"]
[Black "Proulx, Roy"]
[Result "0-1"]
[WhiteElo "1604"]
[BlackElo "1833"]
[PlyCount "104"]
[EventDate "2019.11.05"]
[EventType "swiss"]
[EventRounds "6"]
[EventCountry "CAN"]

1. e4 c5 2. Nf3 e6 3. d4 cxd4 4. Nxd4 Nf6 5. Nc3 Bb4 6. Bg5 Bxc3+ 7. bxc3 Qa5
8. Bd2 Nxe4 9. Nb3 Qe5 10. Be2 Nxc3 11. Bxc3 Qxc3+ 12. Nd2 O-O 13. O-O Nc6 14.
Nc4 Qd4 15. Nd6 a5 16. Nxc8 Raxc8 17. Qd3 Qxd3 18. Bxd3 Nb4 19. Rfc1 Nxd3 20.
cxd3 Rc6 21. h3 Rfc8 22. Rd1 Kf8 23. d4 d5 24. Rab1 b6 25. Rb2 Ke7 26. Rdb1
Rc1+ 27. Kh2 Rxb1 28. Rxb1 Rc6 29. Kg3 f6 30. Kf3 e5 31. Ke3 Kd7 32. Rb5 Kd6
33. Kd3 h5 34. g3 e4+ 35. Kd2 g5 36. h4 Ke6 37. hxg5 fxg5 38. Ke3 Rd6 39. f3
exf3 40. Kxf3 Kf5 41. Rb3 g4+ 42. Ke3 Kg5 43. Kf2 h4 44. gxh4+ Kxh4 45. Kg2 Rc6
46. Rb5 Rc2+ 47. Kf1 Rxa2 48. Rxb6 a4 49. Rb5 a3 50. Ra5 Kg3 51. Rxd5 Rb2 52.
Ra5 a2 0-1

[Event "Jack Woodbury mem."]
[Site "Winnipeg CAN"]
[Date "2019.11.26"]
[Round "4.7"]
[White "Myrzaibraimova, Aibike"]
[Black "Remillard, John"]
[Result "0-1"]
[WhiteElo "1566"]
[BlackElo "1568"]
[PlyCount "62"]
[EventDate "2019.11.05"]
[EventType "swiss"]
[EventRounds "6"]
[EventCountry "CAN"]

1. e4 c6 2. d4 d5 3. exd5 cxd5 4. Bf4 a6 5. c3 Nc6 6. Bd3 Nf6 7. h3 g6 8. Nf3
Bg7 9. O-O O-O 10. Re1 Nh5 11. Bh2 Bh6 12. Bc2 Be6 13. g4 Nf4 14. Bxf4 Bxf4 15.
Nbd2 Qd7 16. Nh2 f5 17. Qe2 Rf6 18. f3 fxg4 19. fxg4 Raf8 20. Ndf3 Bxh2+ 21.
Nxh2 Rf2 22. Qd3 Qd6 23. Nf1 R8f3 24. Re3 Rxf1+ 25. Rxf1 Qg3+ 26. Kh1 Qxh3+ 27.
Kg1 Rxe3 28. Qd2 Rg3+ 29. Kf2 Rg2+ 30. Ke1 Rxd2 31. Kxd2 Qxf1 0-1

[Event "Jack Woodbury mem."]
[Site "Winnipeg CAN"]
[Date "2019.11.26"]
[Round "4.8"]
[White "Reimer, Bruce"]
[Black "Hopper, Michael"]
[Result "0-1"]
[WhiteElo "1518"]
[BlackElo "2101"]
[PlyCount "48"]
[EventDate "2019.11.05"]
[EventType "swiss"]
[EventRounds "6"]
[EventCountry "CAN"]

1. c4 e6 2. g3 f5 3. Bg2 Nf6 4. Nc3 Be7 5. d4 d5 6. Nf3 O-O 7. cxd5 exd5 8. O-O
c6 9. Bf4 Nbd7 10. a3 Ne4 11. Nxe4 fxe4 12. Ng5 Bxg5 13. Bd2 Nb6 14. Ba5 Qf6
15. h4 Bh6 16. Bb4 Rf7 17. b3 g5 18. h5 g4 19. f3 Be3+ 20. Kh2 Qg5 21. Bh1
Qxh5+ 22. Kg2 gxf3+ 23. exf3 Bh3+ 24. Kh2 Bxf1# 0-1

[Event "Jack Woodbury mem."]
[Site "Winnipeg CAN"]
[Date "2019.11.26"]
[Round "4.9"]
[White "Leaden, Bruce"]
[Black "Kim, Sunyo"]
[Result "1-0"]
[WhiteElo "1512"]
[BlackElo "1778"]
[PlyCount "97"]
[EventDate "2019.11.05"]
[EventType "swiss"]
[EventRounds "6"]
[EventCountry "CAN"]

1. f4 Nc6 2. Nf3 Nf6 3. g3 d5 4. Bg2 e6 5. O-O Bc5+ 6. d4 Bb6 7. c3 O-O 8. Na3
a6 9. Nc2 Ne4 10. Ng5 Nd6 11. Qd3 f5 12. Kh1 h6 13. Nf3 Ne4 14. Ne5 Nxe5 15.
fxe5 Qe8 16. b3 c5 17. c4 cxd4 18. cxd5 exd5 19. Ba3 Rf7 20. Bd6 Nxd6 21. exd6
Qe5 22. Rad1 Qxd6 23. Nxd4 Bxd4 24. Qxd4 Be6 25. Bxd5 Qe7 26. Bxe6 Qxe6 27. e3
Re8 28. Rfe1 Rfe7 29. Qd5 Qxd5+ 30. Rxd5 g6 31. Rd3 Kf7 32. Kg2 g5 33. Kf2 b5
34. Rd6 Re6 35. Rxe6 Rxe6 36. Rc1 g4 37. b4 Kf6 38. Rc5 Kg5 39. Ke2 Rd6 40. e4
Rf6 41. Ke3 Kg6 42. exf5+ Rxf5 43. Rxf5 Kxf5 44. Kd4 h5 45. a3 Kg5 46. Ke5 h4
47. Ke4 Kg6 48. Kf4 Kh5 49. Kf5 1-0

[Event "Jack Woodbury mem."]
[Site "Winnipeg CAN"]
[Date "2019.11.26"]
[Round "4.11"]
[White "Ott, Richard"]
[Black "Myrzaibraimova, Alia"]
[Result "1-0"]
[WhiteElo "1432"]
[BlackElo "1062"]
[PlyCount "87"]
[EventDate "2019.11.05"]
[EventType "swiss"]
[EventRounds "6"]
[EventCountry "CAN"]

1. d4 d5 2. c4 c6 3. Nf3 Bf5 4. Nc3 Nf6 5. Qa4 e6 6. Bg5 Be7 7. e3 O-O 8. Nh4
Bg6 9. Nxg6 fxg6 10. g3 Nbd7 11. Rd1 Qb6 12. Qc2 Rae8 13. c5 Qd8 14. Ne2 h6 15.
Bxf6 Rxf6 16. Nf4 Qa5+ 17. Qc3 Qxa2 18. Bd3 Kh7 19. O-O Bd8 20. Ra1 Ba5 21.
Qxa5 Qxa5 22. Rxa5 Ra8 23. h4 a6 24. h5 Kg8 25. Nxg6 Nf8 26. Ne5 Rd8 27. b4 Nd7
28. Ng4 Rff8 29. Ra2 Ra8 30. f3 Ra7 31. e4 Rfa8 32. exd5 exd5 33. Bf5 Nf8 34.
Ne5 a5 35. bxa5 Rxa5 36. Rxa5 Rxa5 37. Rb1 Rb5 38. Ra1 b6 39. Ra8 bxc5 40. Be6+
Kh7 41. Rxf8 c4 42. Bg8+ Kh8 43. Bf7+ Kh7 44. Bg6# 1-0

[Event "Jack Woodbury mem."]
[Site "Winnipeg CAN"]
[Date "2019.11.26"]
[Round "4.13"]
[White "Gregoryanz, Philipp"]
[Black "Klokow, John"]
[Result "0-1"]
[WhiteElo "1482"]
[BlackElo "1676"]
[PlyCount "100"]
[EventDate "2019.11.05"]
[EventType "swiss"]
[EventRounds "6"]
[EventCountry "CAN"]

1. e4 e5 2. Nf3 Nc6 3. Bc4 Nf6 4. Nc3 Nxe4 5. Nxe4 d5 6. Bxd5 Qxd5 7. Nc3 Qd8
8. d3 Bg4 9. Be3 Bb4 10. a3 Be7 11. Qd2 Bxf3 12. gxf3 Nd4 13. Bxd4 Qxd4 14. Qe3
a6 15. Qxd4 exd4 16. Ne2 Bf6 17. O-O-O Kd7 18. c3 dxc3 19. Nxc3 Bxc3 20. bxc3
Rhe8 21. Kd2 Re5 22. Rhg1 g6 23. a4 Rae8 24. Rge1 Kc6 25. Rxe5 Rxe5 26. d4 Rf5
27. Ke3 Kd5 28. Rb1 b6 29. Rc1 Kc4 30. Ke4 Ra5 31. f4 f5+ 32. Ke3 Rxa4 33. Re1
Ra3 34. Kd2 Ra2+ 35. Ke3 Rc2 36. Kf3 Rxc3+ 37. Kg2 Kxd4 38. Re7 a5 39. Rxh7 a4
40. Rh8 a3 41. Ra8 b5 42. Ra6 c6 43. Ra8 b4 44. Rg8 a2 45. Rxg6 a1=Q 46. h4 Qc1
47. h5 Qxf4 48. h6 Qf3+ 49. Kh2 Qh3+ 50. Kg1 Rc1# 0-1

[Event "Jack Woodbury mem."]
[Site "Winnipeg CAN"]
[Date "2019.11.26"]
[Round "4.14"]
[White "Melnyk, Jim"]
[Black "Trueman, Francis"]
[Result "1-0"]
[WhiteElo "1670"]
[BlackElo "1452"]
[Annotator "aboro"]
[PlyCount "42"]
[EventDate "2019.11.05"]
[EventType "swiss"]
[EventRounds "6"]
[EventCountry "CAN"]

1. e4 Nf6 2. e5 Nd5 3. c4 Nb6 4. d4 d6 5. Nf3 Nc6 6. exd6 exd6 7. Be2 g6 8. O-O
Bg7 9. Nc3 Bf5 10. a3 O-O 11. Be3 Re8 12. Re1 Nd7 13. Rc1 Nf6 14. Nh4 Bc8 15.
h3 h5 16. Nf3 Nd7 17. Qd2 Bf6 18. Nd5 Bg7 19. Kh2 Ne7 20. Nxe7+ Qxe7 21. d5 Bf6
{Scoresheets unclear. White won on time in 49 moves,} 1-0

[Event "Jack Woodbury mem."]
[Site "Winnipeg CAN"]
[Date "2019.11.26"]
[Round "4.16"]
[White "Gannon, Keith"]
[Black "Magyar, Peter"]
[Result "1-0"]
[WhiteElo "1503"]
[BlackElo "1502"]
[PlyCount "87"]
[EventDate "2019.11.05"]
[EventType "swiss"]
[EventRounds "6"]
[EventCountry "CAN"]

1. e4 e6 2. Nf3 c5 3. Be2 Be7 4. O-O d6 5. c4 e5 6. Nc3 Nf6 7. d3 Nc6 8. Re1
O-O 9. Bd2 a6 10. a3 Nd4 11. Nd5 b5 12. Nxe7+ Qxe7 13. Nxd4 cxd4 14. cxb5 axb5
15. Bg5 h6 16. Bxf6 Qxf6 17. Bf3 Bd7 18. Qd2 Rac8 19. Rac1 Qg6 20. g3 Bg4 21.
Bxg4 Qxg4 22. Kg2 Qe6 23. f3 f5 24. Rf1 fxe4 25. fxe4 Rxf1 26. Rxc8+ Qxc8 27.
Kxf1 Qh3+ 28. Kg1 Qd7 29. Qc2 d5 30. Qb3 Kf8 31. exd5 Ke7 32. Qb4+ Kf7 33. Qc5
Ke8 34. d6 Qe6 35. Qxb5+ Qd7 36. Qxe5+ Kf7 37. Qxd4 Qe6 38. Qf4+ Ke8 39. Qe4
Kd7 40. Qxe6+ Kxe6 41. b4 Kxd6 42. Kf2 g5 43. g4 Kc6 44. a4 1-0

[Event "Jack Woodbury mem."]
[Site "Winnipeg CAN"]
[Date "2019.12.03"]
[Round "5.1"]
[White "Wiebe, Isaac"]
[Black "Wolchock, Theo"]
[Result "0-1"]
[WhiteElo "2239"]
[BlackElo "2234"]
[PlyCount "92"]
[EventDate "2019.11.05"]
[EventType "swiss"]
[EventRounds "6"]
[EventCountry "CAN"]

1. e4 e5 2. Nf3 Nc6 3. Bc4 Bc5 4. b4 Bxb4 5. c3 Ba5 6. d4 b5 7. Bd5 Nge7 8.
dxe5 O-O 9. O-O Nxd5 10. exd5 Ne7 11. Bg5 d6 12. Nd4 Bd7 13. e6 fxe6 14. dxe6
Be8 15. Nb3 Bb6 16. N1d2 Bc6 17. Nd4 Bxd4 18. cxd4 Qe8 19. Qc2 Qg6 20. Qxg6
Nxg6 21. Rfc1 Bd5 22. Rxc7 h6 23. Be3 Rfe8 24. Rb1 a6 25. a3 Rxe6 26. Rbc1 Nh4
27. g3 Nf5 28. Rc8+ Rxc8 29. Rxc8+ Kf7 30. Rc7+ Kf6 31. Nf1 Bc4 32. d5 Bxd5 33.
Ra7 Bc4 34. Nd2 Nxe3 35. fxe3 Rxe3 36. Nxc4 bxc4 37. Rxa6 Ke5 38. Kf2 Rb3 39.
Rc6 d5 40. a4 Kd4 41. a5 Ra3 42. a6 Ra2+ 43. Kf3 c3 44. h4 Kd3 45. h5 c2 46.
Kf4 Rxa6 0-1

[Event "Jack Woodbury mem."]
[Site "Winnipeg CAN"]
[Date "2019.12.03"]
[Round "5.3"]
[White "Proulx, Roy"]
[Black "Konara, Harshani"]
[Result "0-1"]
[WhiteElo "1833"]
[BlackElo "1968"]
[PlyCount "76"]
[EventDate "2019.11.05"]
[EventType "swiss"]
[EventRounds "6"]
[EventCountry "CAN"]

1. e4 d5 2. exd5 Qxd5 3. Nc3 Qd8 4. d4 c6 5. Be3 Bf5 6. Bd3 Bxd3 7. Qxd3 Nf6 8.
f3 e6 9. Nge2 Bd6 10. Ne4 Nd5 11. Nxd6+ Qxd6 12. c3 Nd7 13. O-O O-O 14. Rae1
N7f6 15. Ng3 Nxe3 16. Rxe3 h6 17. Ne4 Qe7 18. f4 Nxe4 19. Qxe4 Qd7 20. g4 Rae8
21. g5 Qd5 22. gxh6 Qxe4 23. Rxe4 gxh6 24. Rfe1 Rd8 25. Re5 Rd5 26. Rxd5 cxd5
27. Kf2 Kg7 28. Kf3 Kf6 29. h3 Rg8 30. a3 a6 31. b3 b5 32. Rc1 Rc8 33. Kg4 Kg6
34. h4 h5+ 35. Kf3 Kf5 36. Rc2 Rg8 37. Re2 f6 38. Re1 Rg4 0-1

[Event "Jack Woodbury mem."]
[Site "Winnipeg CAN"]
[Date "2019.12.03"]
[Round "5.4"]
[White "Remillard, John"]
[Black "Bince, Rolando"]
[Result "0-1"]
[WhiteElo "1568"]
[BlackElo "1866"]
[PlyCount "135"]
[EventDate "2019.11.05"]
[EventType "swiss"]
[EventRounds "6"]
[EventCountry "CAN"]

1. e4 Nf6 2. Nc3 d5 3. exd5 Nxd5 4. Nxd5 Qxd5 5. Qf3 Qd6 6. Bc4 e6 7. d3 Nc6 8.
Bf4 Qb4+ 9. c3 Qxb2 10. Rc1 Ne5 11. Qe4 Nxc4 12. Qxc4 Bd6 13. Ne2 Bxf4 14. Qxf4
Qb6 15. O-O Qd6 16. Qg5 O-O 17. d4 b6 18. Ng3 h6 19. Qe3 Bb7 20. Rfd1 Qd5 21.
f3 Qc4 22. Nh5 Qd5 23. Nf4 Qg5 24. g3 Rad8 25. Qf2 e5 26. h4 Qf5 27. dxe5 Rxd1+
28. Rxd1 Qxe5 29. c4 Re8 30. Nd5 c6 31. f4 Qb8 32. Ne3 Rd8 33. Re1 Qc8 34. g4
g6 35. f5 c5 36. Qf4 Qb8 37. Qf2 Rd4 38. fxg6 fxg6 39. Rf1 Rd7 40. Nd5 Bxd5 41.
cxd5 Qe8 42. Re1 Re7 43. Rd1 Re2 44. Qg3 Qe3+ 45. Qxe3 Rxe3 46. d6 Re8 47. d7
Rd8 48. Rd6 Kf7 49. g5 hxg5 50. hxg5 Ke7 51. Rxg6 Rxd7 52. Kf2 Kf7 53. Rf6+ Kg7
54. Ke3 Rd4 55. Rc6 Ra4 56. Kd3 Rxa2 57. Kc4 Rb2 58. Rc7+ Kg6 59. Rxa7 Kxg5 60.
Rf7 Rb4+ 61. Kc3 Rf4 62. Rb7 Rf6 63. Kc4 Kf5 64. Rd7 Ke6 65. Rb7 Ke5 66. Rd7
Rf4+ 67. Kb5 Rb4+ 68. Kc6 {No moves recorded as White is under time pressure.
Ultimately White loses on time several moves later.} 0-1